The Maze Runner Trilogy Trivia - Statistics

General Stats
  • This quiz has been taken 1,011 times
  • The average score is 8 of 15
Answer Stats
Hint Answer % Correct
Monsters in the Maze Grievers
91%
Deadly disease that has ravaged the world Flare
90%
Where the characters live in the Maze Glade
90%
People infected with ^^ Cranks
76%
Author James Dashner
76%
The area between the Tropics Scorch
56%
Newt's tattoo The Glue
55%
Minho's tattoo The Leader
54%
Teresa's tattoo The Betrayer
40%
Thomas's tattoo To be killed by Group B
40%
Farmers in the Maze Trackhoes
37%
WICKED's form of transport Berg
34%
Animal slaughterers in the Maze Slicers
34%
Where the Cranks from Denver are taken to Crank Palace
31%
Aris's tattoo The Partner
19%
No matching quizzes found
Score Distribution
Percent of People with Each Score
Percentile by Number Answered
Your Score History
You have not taken this quiz